000 00457nam a2200157 i 4500
001 75493
003 ES-MaACL
007 t|
008 040924s1952 xxu ||||1| eng d
100 1 _aGregory, John E.
_959919
245 1 0 _aPathogenesis of cancer /
_cby John E. Gregory.
250 _a2nd ed.
260 _aCalifornia :
_bFremont Foundation,
_c[1952] (
_fGeddes Press)
300 _a202, 103 p., 2 lám. ;
_c24 cm.
852 _aES-MaACL
_jC-8728
_bR.36704
999 _c75493
_d75493